[Event "Belt and Road Hunan op-B"]
[Site "Changsha"]
[Date "2019.07.30"]
[Round "3"]
[White "Xian, Junhao"]
[Black "Gu, Tianlu"]
[Result "1-0"]
[WhiteElo "2058"]
[BlackElo "2205"]
[PlyCount "69"]
[EventDate "2019.07.29"]
[EventType "swiss"]
[EventRounds "9"]
[EventCountry "CHN"]
[SourceTitle "EXT 2020"]
[Source "ChessBase"]
[SourceDate "2019.10.17"]
[SourceVersion "1"]
[SourceVersionDate "2019.10.17"]
[SourceQuality "1"]

1. d4 d5 2. c4 e6 3. Nc3 c6 4. cxd5 exd5 5. Nf3 Bf5 6. Bf4 Qb6 7. Qc1 Nf6 8. e3 Nbd7 9. Be2 Be7 10. 0-0 0-0 11. a3 a5 12. Nh4 Be6 13. Qc2 Ne4 14. Nf3 Ndf6 15. Bd3 Nxc3 16. bxc3 a4 17. Rfb1 Qa7 18. Ng5 h6 19. Nxe6 fxe6 20. c4 Nd7 21. Qe2 Nf6 22. c5 b5 23. cxb6 Qb7 24. Be5 c5 25. dxc5 Nd7 26. c6 Qxc6 27. Bb5 Qb7 28. Bxd7 Qxd7 29. b7 Rab8 30. Bxb8 Rxb8 31. Qb5 Qc7 32. Qxa4 Bf6 33. Ra2 Kh7 34. Qc2+ Qxc2 35. Rxc2 1-0

[Event "CHN-chT"]
[Site "China"]
[Date "2019.07.27"]
[Round "11.6"]
[White "Tan, Zhongyi"]
[Black "Gu, Tianlu"]
[Result "1-0"]
[WhiteElo "2528"]
[BlackElo "2201"]
[PlyCount "53"]
[EventDate "2019.04.09"]
[EventType "team-tourn"]
[EventRounds "22"]
[EventCountry "CHN"]
[SourceTitle "EXT 2020"]
[Source "ChessBase"]
[SourceDate "2019.10.17"]
[SourceVersion "1"]
[SourceVersionDate "2019.10.17"]
[SourceQuality "1"]
[WhiteTeam "Chongqing Sports Lottery"]
[BlackTeam "Hangzhou Bank"]
[WhiteTeamCountry "CHN"]
[BlackTeamCountry "CHN"]

1. d4 Nf6 2. c4 e6 3. g3 d5 4. Bg2 dxc4 5. Nf3 c5 6. 0-0 Nc6 7. dxc5 Qxd1 8. Rxd1 Bxc5 9. Nbd2 c3 10. bxc3 0-0 11. Nb3 Be7 12. Nfd4 Bd7 13. Nxc6 Bxc6 14. Bxc6 bxc6 15. c4 a5 16. Bd2 a4 17. Na5 Ra6 18. Rab1 Rd8 19. f3 Kf8 20. Bc3 Rxd1+ 21. Rxd1 Rb6 22. Be5 Bb4 23. Bd6+ Bxd6 24. Rxd6 Ra6 25. Nb7 Ke7 26. Rd2 Nd7 27. Rxd7+ 1-0

[Event "Shaoxing (Women) op"]
[Site "Shaoxing"]
[Date "2019.07.13"]
[Round "6"]
[White "Dzagnidze, Nana"]
[Black "Gu, Tianlu"]
[Result "1-0"]
[WhiteElo "2511"]
[BlackElo "2205"]
[PlyCount "75"]
[EventDate "2019.07.08"]
[EventType "swiss"]
[EventRounds "9"]
[EventCountry "CHN"]
[SourceTitle "EXT 2020"]
[Source "ChessBase"]
[SourceDate "2019.10.17"]
[SourceVersion "1"]
[SourceVersionDate "2019.10.17"]
[SourceQuality "1"]

1. c4 e6 2. g3 Nf6 3. Bg2 d5 4. b3 Be7 5. Bb2 0-0 6. Nf3 c5 7. cxd5 Nxd5 8. 0-0 Nc6 9. Nc3 Nxc3 10. dxc3 Bf6 11. Nd2 Qc7 12. f4 Rd8 13. Qc2 b6 14. g4 Be7 15. g5 e5 16. e3 Ba6 17. c4 exf4 18. Qc3 Bf8 19. Rxf4 Nd4 20. Rf2 Ne6 21. Raf1 Bb7 22. Rxf7 Rd7 23. Rxd7 Qxd7 24. Bxb7 Qxb7 25. Qe5 Re8 26. Ne4 Qe7 27. Qf5 Nc7 28. g6 h6 29. Qf7+ Kh8 30. Qxe7 Bxe7 31. Rf7 Ne6 32. Ng3 Kg8 33. Nf5 Bf8 34. Rxa7 Rd8 35. Be5 Rd1+ 36. Kg2 Rd2+ 37. Kg3 Ng5 38. Ra8 1-0

[Event "Shaoxing (Women) op"]
[Site "Shaoxing"]
[Date "2019.07.12"]
[Round "5"]
[White "Gu, Tianlu"]
[Black "Pujari, Rucha"]
[Result "1-0"]
[WhiteElo "2205"]
[BlackElo "2268"]
[PlyCount "67"]
[EventDate "2019.07.08"]
[EventType "swiss"]
[EventRounds "9"]
[EventCountry "CHN"]
[SourceTitle "EXT 2020"]
[Source "ChessBase"]
[SourceDate "2019.10.17"]
[SourceVersion "1"]
[SourceVersionDate "2019.10.17"]
[SourceQuality "1"]

1. e4 e5 2. Nf3 Nc6 3. Bc4 Nf6 4. d3 Be7 5. 0-0 0-0 6. Re1 d6 7. a3 Be6 8. Nbd2 Qd7 9. c3 Rae8 10. Bb5 a6 11. Ba4 b5 12. Bc2 h6 13. Nf1 d5 14. exd5 Qxd5 15. b4 Nd7 16. d4 exd4 17. Be4 Qd6 18. Bf4 Qxf4 19. Bxc6 dxc3 20. Rxe6 fxe6 21. Bxd7 Rd8 22. Bxe6+ Kh8 23. Qc2 c5 24. Re1 Rf6 25. Ba2 cxb4 26. Bb1 g6 27. Rxe7 a5 28. axb4 axb4 29. Ne5 Rdd6 30. g3 b3 31. Nxg6+ Rxg6 32. Qxc3+ Qf6 33. Qc8+ Rg8 34. Rh7# 1-0

[Event "CHN-chT (Women)"]
[Site "Daqing"]
[Date "2019.06.24"]
[Round "6.3"]
[White "Gu, Tianlu"]
[Black "Li, Yunshan"]
[Result "1/2-1/2"]
[WhiteElo "2183"]
[BlackElo "2264"]
[PlyCount "95"]
[EventDate "2019.06.19"]
[EventType "team-swiss"]
[EventRounds "9"]
[EventCountry "CHN"]
[SourceTitle "CBM 191 Extra"]
[Source "ChessBase"]
[SourceDate "2019.09.30"]
[SourceVersion "1"]
[SourceVersionDate "2019.09.30"]
[SourceQuality "1"]
[WhiteTeam "Hangzhou (W)"]
[BlackTeam "Chengdu (W)"]
[WhiteTeamCountry "CHN"]
[BlackTeamCountry "CHN"]

1. e4 e5 2. Nf3 Nc6 3. Nc3 Nf6 4. a3 Bc5 5. Nxe5 Nxe5 6. d4 Bxd4 7. Qxd4 d6 8. Bg5 h6 9. Bh4 g5 10. Bg3 Nc6 11. Bb5 0-0 12. Bxc6 bxc6 13. 0-0-0 Be6 14. f4 Nh5 15. f5 Bc8 16. e5 Bxf5 17. exd6 Nxg3 18. hxg3 Qxd6 19. Qxd6 cxd6 20. Rxd6 Rac8 21. Rhxh6 Bg6 22. Rh1 Rfe8 23. Rf1 Re3 24. Rf3 Re1+ 25. Kd2 Rg1 26. Rf2 Kg7 27. b3 c5 28. Rd5 g4 29. a4 Rc6 30. Ne2 Ra1 31. Rf4 c4 32. Nd4 cxb3 33. Nxc6 bxc2 34. Rc5 Rd1+ 35. Ke2 c1Q 36. Rxc1 Rxc1 37. Nxa7 Ra1 38. Rxg4 Kf8 39. Rc4 Ra2+ 40. Ke3 Bc2 41. Nb5 Bxa4 42. Nc3 Rxg2 43. Nxa4 Rxg3+ 44. Kf4 Rg1 45. Nc5 Rf1+ 46. Ke5 Re1+ 47. Ne4 f5 48. Kxf5 1/2-1/2